000 01546cam a2200349 a 4500
003 CO-ViMGA
008 030305s1995 sp af r 001 0 spa d
020 _a8472327310
040 _aCO-ViMGA
_bspa
_cCO-ViMGA
043 _as-ck---
045 2 _b d1783
_b d1816
082 0 4 _a581.9861
_219
_bR31o
111 2 _aReal Expedición Botánica del Nuevo Reino de Granada
_d(1783 -1816)
_912842
245 1 0 _aOnagráceas, araliáceas, haloragáceas, clethráceas, umbelíferas
_cpromovida y dirigida por José Celestino Mutis ; Fernando Mejía...[et al.]
260 _aMadrid
_bCultura Hispánica
_c1995.
300 _axi, 94 p., 56 h. de láminas a color
_c54 cm.
500 _aLibro en formato grande.
500 _aPublicada bajo los auspicios de los gobiernos de España y de Colombia y merced a la colaboración de los Instituto de Cultura Hispánica de Madrid y Bogotá.
504 _aIncluye referencias bibliográficas e índice.
650 2 4 _aAraliáceas
_vClasificación
_912878
650 2 4 _aBotánica
_zColombia
_ySiglos XVII-XVIII
_912843
650 2 4 _aClethráceas
_vClasificación
_912880
650 2 4 _aHaloragáceas
_vClasificación
_912879
650 2 4 _aOnagráceas
_vClasificación
_912877
650 2 4 _aUmbelíferas
_vClasificación
_912881
700 1 _aMejía, Fernando
_912882
700 1 _aMurillo, María Teresa
_912883
700 1 _aMutis, José Celestino
_d1732-1808
_96807
710 2 _aInstituto Colombiano de Cultura Hispánica
_912830
710 2 _aInstituto de Cooperación Iberoamericana
_912851
942 _2ddc
_cBK
999 _c37070
_d37070